[Event "10. Lichtenberger Sommer"]
[Site "Berlin"]
[Date "2011.08.14"]
[Round "2.77"]
[White "Kuschfeldt, Karsten"]
[Black "Scholz, Ralf-Dieter"]
[Result "1/2-1/2"]
[WhiteElo "1554"]
[BlackElo "1896"]
[PlyCount "74"]
[EventDate "2011.??.??"]
[WhiteTeam "SV Königsjäger Süd-West e.V."]
[BlackTeam "USV Potsdam e.V., Abt. Schach"]

1. e4 c5 2. Nf3 Nc6 3. c3 g6 4. d4 cxd4 5. cxd4 Bg7 6. Nc3 Qb6 7. Nd5 Qd8 8.
Bf4 d6 9. e5 Qa5+ 10. Nc3 dxe5 11. dxe5 a6 12. Qd5 Qb4 13. Qd2 Be6 14. a3 Qb3
15. Bd3 Rd8 16. Qc2 Nh6 17. h3 O-O 18. O-O Nd4 19. Nxd4 Rxd4 20. Be3 Rxd3 21.
Qxd3 Bc4 22. Qd1 Qxb2 23. Qc1 Qxc1 24. Rfxc1 Nf5 25. Rab1 Nxe3 26. fxe3 b5 27.
a4 Bd3 28. Rb2 Bxe5 29. Rd2 Bc4 30. axb5 axb5 31. Nxb5 Be6 32. Nd4 Bc8 33. Nc6
Bd6 34. Ra2 Bb7 35. Ra7 Bxc6 36. Rxc6 Rb8 37. Kf2 Kg7 1/2-1/2

[Event "10. Lichtenberger Sommer"]
[Site "Berlin"]
[Date "2011.08.14"]
[Round "2.78"]
[White "Kapp, Frank"]
[Black "Reichert, Lutz"]
[Result "1-0"]
[WhiteElo "1894"]
[BlackElo "1757"]
[PlyCount "77"]
[EventDate "2011.??.??"]
[WhiteTeam "TSV IFA Chemnitz"]
[BlackTeam "Schwarz-Weiß Neukölln e.V."]

1. d4 d6 2. Nf3 Nf6 3. g3 g6 4. Bg2 Bg7 5. O-O O-O 6. Nbd2 Nc6 7. c3 e5 8. e4
exd4 9. cxd4 Bg4 10. Qc2 Bxf3 11. Nxf3 Qd7 12. Bd2 Rfe8 13. Rfe1 a5 14. a3 b6
15. Rac1 Nb8 16. Qxc7 Ra7 17. Qc2 Qb5 18. d5 Rae7 19. Nh4 Ng4 20. h3 Ne5 21.
Bf1 Qd7 22. f4 Ng4 23. hxg4 Qxg4 24. Kh2 Bd4 25. Bh3 Qh5 26. Bc3 Bxc3 27. bxc3
f5 28. e5 dxe5 29. Qd1 Qh6 30. d6 Re6 31. fxe5 Rxe5 32. Rxe5 Rxe5 33. Nf3 Re3
34. Qd5+ Kf8 35. Rc2 Nd7 36. Nd4 Ke8 37. Nxf5 gxf5 38. Qxf5 Re6 39. Qxe6+ 1-0

[Event "10. Lichtenberger Sommer"]
[Site "Berlin"]
[Date "2011.08.14"]
[Round "2.79"]
[White "Voeller, Lothar"]
[Black "Arnold, Rouven"]
[Result "0-1"]
[WhiteElo "1662"]
[BlackElo "1799"]
[PlyCount "60"]
[EventDate "2011.??.??"]
[WhiteTeam "Freier Sportverein von 1898 Dort"]
[BlackTeam "Schachverein Grünfeld e.V."]

1. e4 e6 2. d4 d5 3. exd5 exd5 4. h3 Bd6 5. Nf3 Nc6 6. Bd3 Nge7 7. O-O Be6 8.
c3 Qd7 9. Ng5 O-O-O 10. Re1 Rde8 11. Nxe6 fxe6 12. Qg4 Nd8 13. c4 c6 14. cxd5
Nxd5 15. Nc3 Nf6 16. Qg5 Bc7 17. Qe3 Kb8 18. Ne4 Nxe4 19. Bxe4 e5 20. Rd1 exd4
21. Qxd4 Qe7 22. Bd3 Ne6 23. Qa4 Nc5 24. Qc2 Qd6 25. g3 Nxd3 26. Rxd3 Re1+ 27.
Kg2 Qe6 28. Rf3 Re8 29. Qf5 Qc4 30. Rc3 Qf1+ 0-1

[Event "10. Lichtenberger Sommer"]
[Site "Berlin"]
[Date "2011.08.14"]
[Round "2.80"]
[White "Schlüter, Bernd"]
[Black "Huelse, Hagen"]
[Result "1-0"]
[WhiteElo "1987"]
[BlackElo "1702"]
[PlyCount "150"]
[EventDate "2011.??.??"]
[WhiteTeam "SV Rochade Potsdam-West e.V."]
[BlackTeam "Forster Schachclub 95"]

1. d4 d5 2. c4 dxc4 3. Nc3 e5 4. d5 Bd6 5. e4 f5 6. Bxc4 Nf6 7. Bg5 O-O 8. Nge2
f4 9. O-O h6 10. Bxf6 Qxf6 11. f3 Qg5 12. Kh1 a6 13. a3 Nd7 14. b4 b5 15. Ba2
Nb6 16. Nc1 Bd7 17. Nd3 Qe7 18. Nc5 Bc8 19. Qe2 Kh8 20. Ne6 Rf6 21. Rac1 Bd7
22. Nd1 Rc8 23. Nc5 Ra8 24. Nb2 Bc8 25. Nbd3 Ra7 26. Ne6 Bxe6 27. dxe6 Rf8 28.
Nc5 Raa8 29. Rfd1 Rfd8 30. Bd5 Nxd5 31. exd5 Ra7 32. Ne4 Raa8 33. Rc6 a5 34.
Nxd6 cxd6 35. Qxb5 Rdb8 36. Qc4 axb4 37. axb4 Ra7 38. b5 Rab7 39. Rb1 g5 40. h3
h5 41. b6 Kg7 42. Rc1 Kf6 43. Rc7 Rxc7 44. Qxc7 Qxc7 45. bxc7 Rc8 46. Kg1 h4
47. Kf2 Ke7 48. Ke2 Kf6 49. Kd3 Ke7 50. Rc6 Kf6 51. Kc4 e4 52. fxe4 g4 53. hxg4
f3 54. gxf3 h3 55. Kd4 h2 56. Rc1 Rxc7 57. Rh1 Rh7 58. f4 Rh8 59. g5+ Kg6 60.
e5 dxe5+ 61. Kxe5 Rh3 62. Kd6 Kf5 63. e7 Rh8 64. Kd7 Kxf4 65. e8=Q Rxe8 66.
Kxe8 Kg3 67. g6 Kg2 68. Rxh2+ Kxh2 69. g7 Kg2 70. g8=Q+ Kf3 71. Qe6 Kf4 72. d6
Kf3 73. d7 Kf4 74. d8=Q Kf3 75. Qdf6+ Kg3 1-0

[Event "10. Lichtenberger Sommer"]
[Site "Berlin"]
[Date "2011.08.14"]
[Round "2.81"]
[White "Engers, Felix"]
[Black "Pichler, Gerhard"]
[Result "1-0"]
[WhiteElo "1536"]
[BlackElo "1818"]
[PlyCount "97"]
[EventDate "2011.??.??"]
[WhiteTeam "SC Zitadelle Spandau 1977 e.V."]
[BlackTeam "Polizeisportverein Tirol"]

1. e4 c5 2. Nf3 e6 3. d4 cxd4 4. Nxd4 a6 5. Be3 Nf6 6. f3 Nc6 7. Bc4 d5 8. exd5
Nxd5 9. Nxc6 bxc6 10. Bf2 Be7 11. O-O O-O 12. Nd2 Bg5 13. Re1 Nb6 14. Bd3 Bf6
15. Rb1 Na4 16. Nc4 Rb8 17. c3 Bxc3 18. bxc3 Rxb1 19. Bxh7+ Kxh7 20. Qxb1+ Kg8
21. Qb4 Nxc3 22. Qxc3 Qd5 23. Kf1 Rd8 24. Nb6 Qb5+ 25. Qc4 Bb7 26. Qxb5 cxb5
27. Ke2 Rd6 28. Rd1 Rc6 29. Rd7 Rc2+ 30. Ke1 Bd5 31. Nxd5 exd5 32. Rxd5 Rxa2
33. Rd2 Ra1+ 34. Ke2 a5 35. Rb2 b4 36. Kd3 Rc1 37. Bd4 Rc6 38. g4 g5 39. Ke4 f6
40. Kf5 Kf7 41. Ke4 Ke6 42. Ra2 Ra6 43. f4 gxf4 44. h4 a4 45. h5 a3 46. h6 Kf7
47. h7 Kg7 48. Rh2 Kh8 49. g5 1-0

[Event "10. Lichtenberger Sommer"]
[Site "Berlin"]
[Date "2011.08.14"]
[Round "2.82"]
[White "Bergmann, Jens"]
[Black "Mahler, Sonja"]
[Result "1-0"]
[WhiteElo "1952"]
[BlackElo "1656"]
[PlyCount "61"]
[EventDate "2011.??.??"]
[WhiteTeam "SK Tempelhof 1931 e.V."]
[BlackTeam "SC Kreuzberg e.V."]

1. d4 d5 2. g3 c6 3. Bg2 h6 4. Nf3 Bg4 5. Nbd2 Nf6 6. O-O e6 7. h3 Bh5 8. Ne5
Nfd7 9. f4 Nxe5 10. dxe5 Nd7 11. g4 Bc5+ 12. Kh2 Bxg4 13. hxg4 Qh4+ 14. Bh3 Bf2
15. Rg1 h5 16. Nf3 Bxg1+ 17. Qxg1 Qe7 18. g5 Nc5 19. Be3 Nd7 20. c3 a5 21. a4
Ra6 22. Nd4 Qd8 23. g6 Nf8 24. gxf7+ Kxf7 25. f5 Qh4 26. Nxe6 Rh7 27. Ng5+ Kg8
28. Nxh7 Kxh7 29. Qg2 Nd7 30. Qg6+ Kg8 31. f6 1-0

[Event "10. Lichtenberger Sommer"]
[Site "Berlin"]
[Date "2011.08.14"]
[Round "2.83"]
[White "Muehlhan, Klaus"]
[Black "Zschaebitz, Klaus"]
[Result "1-0"]
[WhiteElo "1986"]
[BlackElo "2088"]
[PlyCount "107"]
[EventDate "2011.??.??"]
[WhiteTeam "SC Empor Potsdam 1952 e.V."]
[BlackTeam "BSG 1827 Eckbauer e.V."]

1. e4 e6 2. d4 d5 3. exd5 exd5 4. Bd3 Nc6 5. c3 Bd6 6. Ne2 Qh4 7. g3 Qh5 8. Nf4
Qxd1+ 9. Kxd1 Nce7 10. Be3 Nh6 11. Nd2 O-O 12. Kc2 Ng4 13. Rae1 c6 14. Nf3
Nxe3+ 15. fxe3 Bg4 16. Rhf1 Rae8 17. e4 Bxf4 18. gxf4 dxe4 19. Bxe4 Bxf3 20.
Bxf3 Nf5 21. Kd3 f6 22. b4 Rd8 23. Bg4 Nh6 24. Be6+ Kh8 25. Re3 Rfe8 26. Rfe1
g6 27. a4 Kg7 28. c4 b6 29. c5 bxc5 30. bxc5 Re7 31. Bh3 Rxe3+ 32. Rxe3 Kf7 33.
Re6 Rc8 34. Rd6 Rc7 35. Rd7+ Rxd7 36. Bxd7 Ke7 37. Bxc6 Ng4 38. h4 f5 39. d5
Nf6 40. Kd4 a5 41. d6+ Ke6 42. Kc4 Nh5 43. Bd5+ Kd7 44. Bg8 Nxf4 45. Bxh7 Kc6
46. h5 gxh5 47. Bxf5 h4 48. Be4+ Kd7 49. Kb5 h3 50. Bf5+ Kd8 51. c6 h2 52. Be4
Nd3 53. Kb6 Nb2 54. Kb7 1-0

[Event "10. Lichtenberger Sommer"]
[Site "Berlin"]
[Date "2011.08.14"]
[Round "2.85"]
[White "Fartmann, Oliver"]
[Black "Berg, Gerd"]
[Result "1-0"]
[WhiteElo "1845"]
[BlackElo "1623"]
[PlyCount "63"]
[EventDate "2011.??.??"]
[WhiteTeam "SG Grün-Weiß Baumschulenweg e.V."]
[BlackTeam "SK König Tegel 1949 e.V."]

1. d4 Nf6 2. c4 e6 3. g3 d5 4. Nf3 a6 5. Bg2 c5 6. cxd5 cxd4 7. dxe6 Bxe6 8.
Nxd4 Bb4+ 9. Nc3 Nd5 10. Bd2 O-O 11. Nxe6 fxe6 12. Nxd5 Bxd2+ 13. Qxd2 exd5 14.
Qxd5+ Kh8 15. O-O Nd7 16. Rad1 Nf6 17. Qxd8 Raxd8 18. Rxd8 Rxd8 19. Rc1 Rd2 20.
Rc8+ Ng8 21. Bh3 Rxe2 22. Kf1 Re7 23. Bg2 Rd7 24. Rb8 b5 25. Bb7 Rd6 26. Ra8
Rd2 27. Ke1 Rd6 28. Rxa6 Rd7 29. Bc6 Re7+ 30. Kf1 b4 31. Ra8 Re5 32. Rd8 1-0

[Event "10. Lichtenberger Sommer"]
[Site "Berlin"]
[Date "2011.08.14"]
[Round "2.86"]
[White "Münstermann, Claudia"]
[Black "Herrmann, Eberhard"]
[Result "1/2-1/2"]
[WhiteElo "1838"]
[BlackElo "1876"]
[PlyCount "57"]
[EventDate "2011.??.??"]
[WhiteTeam "SC Weisse Dame e.V."]
[BlackTeam "SC Friesen Lichtenberg e.V."]

1. e4 e5 2. Nf3 Nc6 3. d4 exd4 4. Nxd4 Bc5 5. Be3 Qf6 6. Nb5 Bxe3 7. fxe3 Qd8
8. Qg4 g6 9. Qf4 d6 10. Bc4 Ne5 11. O-O Qe7 12. Nd2 a6 13. Nc3 c6 14. Rad1 g5
15. Qg3 h5 16. Bxf7+ Nxf7 17. Nc4 Rh6 18. e5 Nxe5 19. Nxd6+ Rxd6 20. Rxd6 Qxd6
21. Qxg5 Be6 22. Rd1 Qc7 23. Ne4 Nf7 24. Qxg8+ Ke7 25. Qxa8 Qb6 26. Kf2 Qxb2
27. Rd2 Qb4 28. Rd4 Qb2 29. Rd2 1/2-1/2

[Event "10. Lichtenberger Sommer"]
[Site "Berlin"]
[Date "2011.08.14"]
[Round "2.87"]
[White "Schueler, Wolfgang"]
[Black "Winz, Michael"]
[Result "1-0"]
[WhiteElo "1939"]
[BlackElo "1684"]
[PlyCount "47"]
[EventDate "2011.??.??"]
[WhiteTeam "SC Friesen Lichtenberg e.V."]
[BlackTeam "SC Friesen Lichtenberg e.V."]

1. e4 e5 2. Nf3 Nc6 3. Bb5 a6 4. Ba4 Nf6 5. O-O Be7 6. Re1 b5 7. Bb3 O-O 8. a4
b4 9. d4 exd4 10. Nxd4 Nxd4 11. Qxd4 c5 12. Qd3 d6 13. Bf4 Nh5 14. Be3 Bb7 15.
Nd2 Bg5 16. Nc4 Bxe3 17. Nxe3 Nf4 18. Qc4 Qg5 19. f3 Rad8 20. Qf1 Bc8 21. Kh1
Qh6 22. Qf2 Qg5 23. Qg3 Qh6 24. Rad1 1-0

[Event "10. Lichtenberger Sommer"]
[Site "Berlin"]
[Date "2011.08.14"]
[Round "2.88"]
[White "Llacer Bosbach, Ana"]
[Black "Rehder, Frank"]
[Result "0-1"]
[WhiteElo "1526"]
[BlackElo "1947"]
[PlyCount "76"]
[EventDate "2011.??.??"]
[WhiteTeam "CIM Benimaclet Valencia"]
[BlackTeam "SC Zugzwang 95 e.V."]

1. e4 c5 2. Nf3 e6 3. d4 cxd4 4. Nxd4 Nc6 5. Be3 Nf6 6. Bd3 Be7 7. O-O O-O 8.
Nxc6 bxc6 9. Nc3 Qc7 10. f4 d6 11. Qf3 Bb7 12. Qh3 g6 13. f5 exf5 14. exf5 Nd7
15. Qh6 Bf6 16. fxg6 fxg6 17. Kh1 Ne5 18. Ne4 Bg7 19. Qh3 Bc8 20. Rxf8+ Bxf8
21. Nf6+ Kh8 22. Qh4 Nxd3 23. cxd3 c5 24. Rf1 Bf5 25. Ne4 Bg7 26. Ng5 Bxb2 27.
Qc4 Re8 28. Bg1 Qe7 29. Qf7 Bg7 30. Rb1 Qf8 31. Qc4 h6 32. Nf7+ Kh7 33. Rb7 Re1
34. Qh4 Qe8 35. Ng5+ Kg8 36. Qc4+ Kh8 37. Nf7+ Kh7 38. Nxd6 Rxg1+ 0-1

[Event "10. Lichtenberger Sommer"]
[Site "Berlin"]
[Date "2011.08.14"]
[Round "2.89"]
[White "Kuebart, Thore"]
[Black "Wierzbicki, Jirawat"]
[Result "1-0"]
[WhiteElo "1868"]
[BlackElo "1451"]
[PlyCount "103"]
[EventDate "2011.??.??"]
[WhiteTeam "SV Königsjäger Süd-West e.V."]
[BlackTeam "TuS Makkabi Berlin e.V."]

1. e4 e5 2. Nf3 Nc6 3. Bc4 Nf6 4. d3 Be7 5. O-O O-O 6. Nc3 d6 7. h3 Na5 8. Qe2
Nxc4 9. dxc4 h6 10. Be3 Be6 11. Rad1 Qc8 12. Nh2 Nh7 13. Nd5 Bg5 14. Nf3 Bxe3
15. Ne7+ Kh8 16. Nxc8 Raxc8 17. fxe3 Nf6 18. Nd2 Rcd8 19. Qf3 c6 20. Qg3 Nd7
21. Qh4 d5 22. exd5 cxd5 23. cxd5 Bxd5 24. Nf3 Bxf3 25. Rxf3 Kg8 26. e4 Nf6 27.
Rxd8 Rxd8 28. Rxf6 gxf6 29. Qxf6 Rd1+ 30. Kh2 Rd2 31. Qxe5 Rxc2 32. Qb8+ Kh7
33. Qxb7 Kg7 34. Qxa7 Kg8 35. Qb8+ Kg7 36. a4 Rc4 37. Qe5+ Kh7 38. a5 Rc6 39.
b4 Ra6 40. Qb5 Ra7 41. a6 Re7 42. Qb7 Rxb7 43. axb7 Kg7 44. b8=Q Kg6 45. Qd6+
Kg7 46. b5 f6 47. b6 Kg6 48. e5 Kf5 49. g4+ Ke4 50. exf6 h5 51. f7 hxg4 52.
f8=Q 1-0

[Event "10. Lichtenberger Sommer"]
[Site "Berlin"]
[Date "2011.08.14"]
[Round "2.90"]
[White "Mildenberger, Hans"]
[Black "Koerner, Helmut"]
[Result "1/2-1/2"]
[WhiteElo "1633"]
[BlackElo "1933"]
[PlyCount "72"]
[EventDate "2011.??.??"]
[WhiteTeam "SG BVG Helmholtz 55"]
[BlackTeam "Sfr.Nord-Ost Berlin"]

1. d4 Nf6 2. Nf3 b5 3. e4 Nxe4 4. Bxb5 Bb7 5. O-O e6 6. Re1 Be7 7. Nbd2 Nxd2 8.
Bxd2 O-O 9. Qe2 Bf6 10. Ne5 c6 11. Bd3 d6 12. Nf3 a5 13. Qe4 g6 14. h4 Ba6 15.
Bxa6 Nxa6 16. g3 c5 17. c3 cxd4 18. cxd4 d5 19. Qf4 Nb4 20. Bxb4 axb4 21. Kg2
Bg7 22. Rh1 Ra7 23. h5 Qb8 24. hxg6 Qxf4 25. gxh7+ Kh8 26. gxf4 Rc8 27. Ne5 Rc2
28. a3 b3 29. Rab1 Rac7 30. a4 Bxe5 31. fxe5 R7c4 32. a5 Ra4 33. Ra1 Rxa1 34.
Rxa1 Rxb2 35. Ra3 Ra2 36. Rxb3 Rxa5 1/2-1/2

[Event "10. Lichtenberger Sommer"]
[Site "Berlin"]
[Date "2011.08.14"]
[Round "2.91"]
[White "Ruether, Marc"]
[Black "Libera, Kay"]
[Result "1-0"]
[WhiteElo "1808"]
[BlackElo "1400"]
[PlyCount "79"]
[EventDate "2011.??.??"]
[WhiteTeam "Queer-Springer SSV Berlin"]
[BlackTeam "vereinslos"]

1. e4 e6 2. d4 d5 3. Nd2 Nf6 4. e5 Nfd7 5. Bd3 c5 6. c3 Nc6 7. Ne2 c4 8. Bc2 f6
9. exf6 Nxf6 10. O-O Bd6 11. Nf3 Qc7 12. Ng3 h6 13. Bg6+ Kd8 14. Be3 Ne7 15.
Bc2 Bd7 16. Re1 Ng4 17. Qd2 Rf8 18. Re2 Nf5 19. Bxf5 Rxf5 20. Nxf5 Bxh2+ 21.
Kh1 exf5 22. Ne5 Bxe5 23. dxe5 Nxe3 24. Qxe3 Be6 25. b3 b6 26. Qd4 cxb3 27.
axb3 Qc5 28. Qxc5 bxc5 29. Ra6 Ke7 30. Rea2 d4 31. Rxa7+ Rxa7 32. Rxa7+ Kf8 33.
cxd4 cxd4 34. b4 d3 35. Ra6 Bc4 36. Rd6 Ke7 37. f4 g5 38. g3 gxf4 39. gxf4 h5
40. Kh2 1-0

[Event "10. Lichtenberger Sommer"]
[Site "Berlin"]
[Date "2011.08.14"]
[Round "2.92"]
[White "Stiewe, Frank"]
[Black "Weissen, Georg"]
[Result "0-1"]
[WhiteElo "1696"]
[BlackElo "1750"]
[PlyCount "86"]
[EventDate "2011.??.??"]
[WhiteTeam "vereinslos"]
[BlackTeam "Basel"]

1. e4 e5 2. Nf3 Nc6 3. Bb5 g6 4. Bxc6 dxc6 5. O-O Bg7 6. d3 c5 7. Nc3 c6 8. Be3
Qd6 9. Nd2 Nh6 10. h3 f6 11. f4 Nf7 12. Nc4 Qe7 13. Na5 Qc7 14. Nc4 b6 15. fxe5
fxe5 16. a4 Be6 17. Nd2 O-O 18. Ne2 Rad8 19. Nf3 Qe7 20. Qd2 h6 21. Bf2 c4 22.
Qc3 cxd3 23. cxd3 c5 24. Rfd1 Nd6 25. Kh2 c4 26. Qa3 g5 27. dxc4 Bxc4 28. Neg1
h5 29. Rac1 g4 30. Bh4 Bf6 31. Bxf6 Qxf6 32. Nd2 Ba6 33. Qg3 Qf4 34. hxg4 hxg4
35. b4 Rf7 36. b5 Rh7+ 37. Nh3 Bb7 38. Rf1 Qxg3+ 39. Kxg3 gxh3 40. gxh3 Bxe4
41. Kh2 Bb7 42. Rf6 Ne8 43. Rg6+ Kf7 0-1

[Event "10. Lichtenberger Sommer"]
[Site "Berlin"]
[Date "2011.08.14"]
[Round "2.93"]
[White "Ziems, Michael"]
[Black "Wolfram, Mike"]
[Result "1-0"]
[WhiteElo "1795"]
[BlackElo "1640"]
[PlyCount "39"]
[EventDate "2011.??.??"]
[WhiteTeam "SV Empor Berlin e.V."]
[BlackTeam "BSG 1827 Eckbauer e.V."]

1. d4 Nf6 2. c4 e6 3. Nc3 d5 4. e3 c5 5. dxc5 Bxc5 6. Nf3 Nc6 7. cxd5 exd5 8.
Bb5 O-O 9. O-O Bg4 10. Be2 Bd6 11. b3 Rc8 12. Bb2 a6 13. Rc1 Bc7 14. Nb1 Qd6
15. Ba3 Nb4 16. Nbd2 Ne4 17. Rxc7 Rxc7 18. Nxe4 Qe7 19. Ng3 Rfc8 20. Qd4 1-0

[Event "10. Lichtenberger Sommer"]
[Site "Berlin"]
[Date "2011.08.14"]
[Round "2.94"]
[White "Schilly, Hans-Joachim"]
[Black "Hubbe, Bernd"]
[Result "1-0"]
[WhiteElo "1835"]
[BlackElo "1353"]
[PlyCount "65"]
[EventDate "2011.??.??"]
[WhiteTeam "SF Siemensstadt"]
[BlackTeam "SC Rotation Pankow e.V."]

1. c4 Nc6 2. Nc3 e5 3. g3 b6 4. Bg2 Bb7 5. Nf3 Bd6 6. Nb5 Qe7 7. O-O h6 8. d3
a6 9. Nxd6+ Qxd6 10. Be3 Qe7 11. Rc1 d6 12. a3 a5 13. Nh4 Qd7 14. b4 Ra7 15. c5
d5 16. b5 g5 17. bxc6 Bxc6 18. cxb6 cxb6 19. Nf3 f6 20. Bxb6 Ra6 21. Bc5 g4 22.
Nh4 h5 23. Qb3 Ra8 24. Rc3 Kf7 25. e4 Nh6 26. exd5 Kg7 27. dxc6 Qc7 28. Qb7
Rhc8 29. Qxc7+ Rxc7 30. Rb1 Nf7 31. Rb7 Rxb7 32. cxb7 Rb8 33. Ba7 1-0

[Event "10. Lichtenberger Sommer"]
[Site "Berlin"]
[Date "2011.08.14"]
[Round "2.95"]
[White "Werninghaus, Klaus Peter"]
[Black "Schmalzried, Volker"]
[Result "1/2-1/2"]
[WhiteElo "1647"]
[BlackElo "1870"]
[PlyCount "49"]
[EventDate "2011.??.??"]
[WhiteTeam "Dortmunder Schachverein 1875"]
[BlackTeam "Umweltbundesamt (FV Schach)"]

1. c4 c5 2. Nc3 Nc6 3. Nf3 Nf6 4. d4 cxd4 5. Nxd4 g6 6. Nxc6 bxc6 7. g3 Bg7 8.
Bg2 O-O 9. O-O e5 10. e4 Qc7 11. b3 Bb7 12. Bb2 Rad8 13. Qc2 d5 14. exd5 cxd5
15. cxd5 Nxd5 16. Rac1 Nb4 17. Qb1 Bxg2 18. Kxg2 Qb7+ 19. Kg1 Rd2 20. Ba3 Rc8
21. Bxb4 Qxb4 22. Ne4 Rxc1 23. Rxc1 Re2 24. Nc3 Rd2 25. Ne4 1/2-1/2

[Event "10. Lichtenberger Sommer"]
[Site "Berlin"]
[Date "2011.08.14"]
[Round "2.97"]
[White "Bauer, Stefan"]
[Black "Casny, Guenter"]
[Result "0-1"]
[WhiteElo "1684"]
[BlackElo "1865"]
[PlyCount "158"]
[EventDate "2011.??.??"]
[WhiteTeam "SC Kreuzberg e.V."]
[BlackTeam "SC Rochade e.V."]

1. Nf3 g6 2. d4 Bg7 3. c4 c5 4. e3 b6 5. d5 d6 6. Nbd2 Nd7 7. Be2 Ndf6 8. O-O
h5 9. h3 Bf5 10. Nh4 Bd7 11. e4 Bh6 12. f4 Nh7 13. f5 g5 14. Nhf3 Nhf6 15. Nh2
Bg7 16. Qc2 Nh6 17. Nb3 g4 18. hxg4 Nhxg4 19. Bg5 Nxh2 20. Kxh2 a5 21. Nd2 Ng4+
22. Bxg4 hxg4+ 23. Kg3 f6 24. Bf4 Qc7 25. Kxg4 O-O-O 26. Rh1 Rdg8 27. Kf3 Be8
28. g4 Qd7 29. b3 Bf7 30. a3 Kb7 31. Kg3 Qe8 32. Rxh8 Rxh8 33. Nf3 Qg8 34. Qg2
Qh7 35. Kf2 Be8 36. Rg1 b5 37. g5 fxg5 38. Nxg5 Bd4+ 39. Be3 Qh4+ 40. Qg3 Bxe3+
41. Kxe3 Qh6 42. Kd3 Rg8 43. Qf4 Qf6 44. Qe3 Qb2 45. e5 Qxb3+ 46. Kd2 Qxc4 47.
exd6 Qxd5+ 48. Ke1 Qxd6 49. Rg2 Qf6 50. Qxc5 Rxg5 51. Re2 Rg7 52. Re6 Qh4+ 53.
Kd2 Rg2+ 54. Kc3 Rg3+ 55. Kd2 Qf4+ 56. Ke1 Qc7 57. Rxe7 Bd7 58. Qd5+ Kb6 59.
Qd4+ Ka6 60. Rxd7 Qc1+ 61. Ke2 Qc2+ 62. Ke1 Qc1+ 63. Ke2 Qc4+ 64. Kf2 Qxd4+ 65.
Rxd4 Rxa3 66. Ke2 a4 67. f6 Rc3 68. f7 Rc8 69. Kd3 Ka5 70. Rd7 Kb4 71. Re7 Rf8
72. Kc2 Ka3 73. Re3+ Ka2 74. Rf3 b4 75. Rf2 b3+ 76. Kc3+ Ka3 77. Rf1 b2 78. Kc2
Ka2 79. Rb1 Rc8+ 0-1

[Event "10. Lichtenberger Sommer"]
[Site "Berlin"]
[Date "2011.08.14"]
[Round "2.98"]
[White "Pallas, Sebastian"]
[Black "Kühnert, Hanno"]
[Result "1-0"]
[WhiteElo "1803"]
[BlackElo "1313"]
[PlyCount "42"]
[EventDate "2011.??.??"]
[WhiteTeam "SG 1871 Löberitz"]
[BlackTeam "SC Rotation Pankow e.V."]

1. e4 e5 2. Nf3 Nc6 3. d4 d6 4. Bb5 Bd7 5. O-O Nf6 6. Re1 Be7 7. Nc3 O-O 8. Bg5
a6 9. Bxc6 Bxc6 10. dxe5 Ng4 11. Bxe7 Qxe7 12. exd6 cxd6 13. h3 Ne5 14. Nd4 Nc4
15. Nf5 Qe5 16. Rb1 Nxb2 17. Rxb2 Qxc3 18. Rb3 Qc5 19. Qg4 g6 20. Rg3 Bxe4 21.
Rxe4 Qxf5 1-0

[Event "10. Lichtenberger Sommer"]
[Site "Berlin"]
[Date "2011.08.14"]
[Round "2.99"]
[White "Lehmann, Tornalf"]
[Black "Hesselbarth, Karlheinz"]
[Result "0-1"]
[WhiteElo "1637"]
[BlackElo "1789"]
[PlyCount "61"]
[EventDate "2011.??.??"]
[WhiteTeam "SC Heilsbronn 1951 e.V."]
[BlackTeam "SC Zugzwang 95 e.V."]

1. e4 c5 2. d4 cxd4 3. c3 d5 4. e5 dxc3 5. Nxc3 e6 6. Bb5+ Bd7 7. Nf3 Nc6 8.
O-O Nge7 9. Bg5 Qb6 10. Be3 Qc7 11. Rc1 Ng6 12. Bd4 Be7 13. Re1 O-O 14. Bxc6
Bxc6 15. a3 a6 16. Ne2 Nh4 17. Ng3 Rac8 18. Nxh4 Bxh4 19. Qg4 Be7 20. Nh5 g6
21. Rc3 Kh8 22. Nf6 Kg7 23. Rh3 Rh8 24. Be3 h6 25. Bf4 Qd8 26. Nh5+ Kf8 27. Ng3
Kg7 28. Nh5+ Kf8 29. Ng3 h5 30. Qd1 Qa5 31. Rf1 0-1

[Event "10. Lichtenberger Sommer"]
[Site "Berlin"]
[Date "2011.08.14"]
[Round "2.100"]
[White "Stiefel, Marika"]
[Black "Albinus, Guenter"]
[Result "0-1"]
[WhiteElo "1772"]
[BlackElo "1825"]
[PlyCount "37"]
[EventDate "2011.??.??"]
[WhiteTeam "SSV Vimaria 91 Weimar"]
[BlackTeam "SG Weißensee 49 e.V."]

1. f4 d5 2. Nf3 Nf6 3. b3 c5 4. Bb2 e6 5. e3 Nc6 6. Bd3 Be7 7. O-O O-O 8. Ne5
d4 9. Ng4 Nxg4 10. Qxg4 Bf6 11. Rf3 g6 12. Na3 dxe3 13. Bxf6 Qxf6 14. Raf1 exd2
15. f5 Ne5 16. fxg6 Nxg4 17. gxh7+ Kh8 18. Rxf6 Nxf6 19. Rxf6 0-1

[Event "10. Lichtenberger Sommer"]
[Site "Berlin"]
[Date "2011.08.14"]
[Round "2.101"]
[White "Schmidek, Emil"]
[Black "Hitzelberger, Michael"]
[Result "1-0"]
[WhiteElo "1732"]
[BlackElo "1284"]
[PlyCount "81"]
[EventDate "2011.??.??"]
[WhiteTeam "TuS Makkabi Berlin e.V."]
[BlackTeam "Sfrd. Berlin 1903 e.V."]

1. e4 e5 2. Nf3 Nc6 3. Bb5 Nf6 4. d3 d6 5. c3 Bd7 6. Ba4 Be7 7. O-O O-O 8. Re1
a6 9. Nbd2 b5 10. Bc2 Be6 11. d4 exd4 12. cxd4 d5 13. e5 Nd7 14. Nf1 Nb6 15. b3
Qd7 16. Bb2 f6 17. Rc1 g6 18. exf6 Bxf6 19. Ne5 Nxe5 20. dxe5 Bg7 21. Bb1 c6
22. Bd4 Qb7 23. Ng3 Nd7 24. h4 Rf7 25. h5 g5 26. Qc2 Nf8 27. Qxc6 Qxc6 28. Rxc6
Rd7 29. Bc5 Bf7 30. Bxf8 Kxf8 31. e6 Re8 32. Re2 Bxe6 33. Rexe6 Rxe6 34. Rxe6
d4 35. Bd3 Rc7 36. Nf5 Rc1+ 37. Kh2 Rd1 38. Nxg7 Kxg7 39. Be4 d3 40. Rd6 d2 41.
Bf3 1-0

[Event "10. Lichtenberger Sommer"]
[Site "Berlin"]
[Date "2011.08.14"]
[Round "2.102"]
[White "Kammler, Hans-Joachim"]
[Black "Peter, Volkhard"]
[Result "1-0"]
[WhiteElo "1519"]
[BlackElo "1810"]
[PlyCount "109"]
[EventDate "2011.??.??"]
[WhiteTeam "vereinslos"]
[BlackTeam "Schachclub Oranienburg e.V."]

1. e4 e5 2. Nf3 Nf6 3. d4 exd4 4. e5 Nd5 5. Bc4 c6 6. O-O Be7 7. Nxd4 O-O 8.
Re1 Bc5 9. c3 d6 10. Nb3 Bxf2+ 11. Kxf2 Qh4+ 12. Kg1 Qxc4 13. exd6 Qh4 14. N1d2
Bg4 15. Nf3 Qh5 16. Qd3 Bxf3 17. Qxf3 Qxf3 18. gxf3 Nd7 19. c4 Nb4 20. Re7 Rad8
21. Bf4 Nd3 22. Bg3 Nxb2 23. Rae1 Nxc4 24. a4 f6 25. Nd4 Nde5 26. f4 Rxd6 27.
fxe5 Rxd4 28. exf6 gxf6 29. Rxb7 Rf7 30. Rb8+ Kg7 31. Bf2 Rg4+ 32. Kh1 Ne5 33.
Rd1 Rxa4 34. Rdd8 Ng4 35. Rg8+ Kh6 36. Bg3 Rg7 37. Rgd8 Ra1+ 38. Kg2 Ne3+ 39.
Kh3 Ra5 40. Bf4+ Kh5 41. Bxe3 Ra3 42. Re8 Ra4 43. Bf2 Ra3+ 44. Bg3 c5 45. Re4
f5 46. Rh4+ Kg6 47. Rc8 Rc3 48. Kg2 Rd7 49. Bf4 Rc2+ 50. Kh3 Rd3+ 51. Bg3 Rcc3
52. Rc6+ Kg5 53. Rch6 Rxg3+ 54. hxg3 Rxg3+ 55. Kxg3 1-0

[Event "10. Lichtenberger Sommer"]
[Site "Berlin"]
[Date "2011.08.14"]
[Round "2.103"]
[White "Gremm, Albert Jürgen"]
[Black "Güldenpfennig, Gavin"]
[Result "1-0"]
[WhiteElo "1906"]
[BlackElo "1203"]
[PlyCount "63"]
[EventDate "2011.??.??"]
[WhiteTeam "SC Kreuzberg e.V."]
[BlackTeam "BSC Rehberge 1945 e.V."]

1. d4 d5 2. Nf3 Nc6 3. c4 Nf6 4. cxd5 Nxd5 5. e4 Nf6 6. d5 Nb8 7. Nc3 e6 8. Bg5
Be7 9. Bb5+ Nbd7 10. dxe6 fxe6 11. Nd4 Kf7 12. Nxe6 Qg8 13. Bc4 Ne5 14. Nd8+
Ke8 15. Bxg8 Rxg8 16. Bxf6 Bxf6 17. Qd5 Rf8 18. Nxb7 c6 19. Nd6+ Kd7 20. Qd2
Ba6 21. Nc4+ Kc8 22. Nxe5 Bxe5 23. Na4 Rd8 24. Qa5 Bb5 25. Nb6+ axb6 26. Qxa8+
Kc7 27. Qa7+ Kc8 28. Rd1 Bxb2 29. Qa8+ Kc7 30. Qxd8+ Kb7 31. Rd7+ Ka6 32. Qa8#
1-0